[Event "Helsingor Xtracon op"]
[Site "Helsingor"]
[Date "2018.07.29"]
[Round "10"]
[White "Jensen, Hans Askov"]
[Black "Lalla, Karol"]
[Result "1-0"]
[WhiteElo "1473"]
[BlackElo "1580"]
[PlyCount "120"]
[EventDate "2018.07.21"]
[EventType "swiss"]
[EventRounds "10"]
[EventCountry "DEN"]
[SourceTitle "CBM 185 Extra"]
[Source "ChessBase"]
[SourceDate "2018.07.29"]
[SourceVersion "1"]
[SourceVersionDate "2018.07.29"]
[SourceQuality "1"]

1. e4 d5 2. exd5 Nf6 3. d4 Qxd5 4. Nc3 Qd8 5. Nf3 Bg4 6. h3 Bh5 7. Be2 Nbd7 8. 0-0 e6 9. Bg5 Be7 10. Re1 c6 11. Ne5 Bxe2 12. Qxe2 0-0 13. Rad1 Re8 14. Ne4 Nxe4 15. Bxe7 Qxe7 16. Qxe4 Nf6 17. Qd3 Rad8 18. c3 Nd5 19. Qg3 Qc7 20. Rd3 f6 21. Ng4 Qxg3 22. Rxg3 h5 23. Ne3 Nf4 24. Nc2 Kf7 25. Rf3 g5 26. h4 Kg6 27. hxg5 fxg5 28. g3 Nh3+ 29. Kf1 g4 30. Rfe3 Ng5 31. Re5 Kf6 32. R1e2 Re7 33. Ne1 Rd5 34. Kg2 Red7 35. f4 gxf3+ 36. Nxf3 Nxf3 37. Rxe6+ Kg5 38. Kxf3 Rf7+ 39. Kg2 Rdf5 40. R6e5 Kg6 41. Rxf5 Rxf5 42. Re7 Rb5 43. b3 a5 44. Re5 Rxe5 45. dxe5 Kf5 46. Kh3 Kxe5 47. Kh4 Kf6 48. Kxh5 Kg7 49. g4 c5 50. c4 Kg8 51. Kg5 Kf7 52. Kh6 Kg8 53. g5 Kh8 54. Kg6 Kg8 55. a3 b5 56. cxb5 a4 57. bxa4 c4 58. b6 c3 59. b7 Kf8 60. b8Q+ Ke7 1-0

[Event "Helsingor Xtracon op"]
[Site "Helsingor"]
[Date "2018.07.26"]
[Round "7"]
[White "Mansoor, Areeb"]
[Black "Jensen, Hans Askov"]
[Result "0-1"]
[WhiteElo "1205"]
[BlackElo "1473"]
[PlyCount "43"]
[EventDate "2018.07.21"]
[EventType "swiss"]
[EventRounds "10"]
[EventCountry "DEN"]
[SourceTitle "CBM 185 Extra"]
[Source "ChessBase"]
[SourceDate "2018.07.29"]
[SourceVersion "1"]
[SourceVersionDate "2018.07.29"]
[SourceQuality "1"]

1. e4 e5 2. Nf3 Nc6 3. d4 exd4 4. Bc4 Bc5 5. c3 d5 6. exd5 Na5 7. Bd3 dxc3 8. Nxc3 Nf6 9. Bd2 b6 10. a3 Nb7 11. Bg5 0-0 12. Bxf6 Qxf6 13. Bc2 Re8+ 14. Kf1 Nd6 15. b4 Qxc3 16. bxc5 Qxc5 17. Qd3 Bf5 18. Qd2 Bxc2 19. Re1 Qb5+ 20. Kg1 Be4 21. Rxe4 Nxe4 22. Qa2 0-1

[Event "DEN-ch Seniors 65+"]
[Site "Logumkloster"]
[Date "2017.02.15"]
[Round "4"]
[White "Jensen, Hans Askov"]
[Black "Kristensen, Karl Martin"]
[Result "1/2-1/2"]
[WhiteElo "1540"]
[BlackElo "1557"]
[PlyCount "49"]
[EventDate "2017.02.12"]
[EventType "swiss"]
[EventRounds "7"]
[EventCountry "DEN"]
[SourceTitle "EXT 2018"]
[Source "ChessBase"]
[SourceDate "2017.10.13"]
[SourceVersion "1"]
[SourceVersionDate "2017.10.13"]
[SourceQuality "1"]

1. e4 e5 2. Nf3 Nc6 3. Bb5 Bc5 4. c3 Nf6 5. 0-0 Nxe4 6. d4 Bb6 7. Nxe5 Nxe5 8. Re1 Qh4 9. g3 Qg4 10. Be2 Qf5 11. Bf4 d6 12. f3 Nf6 13. Kg2 Qh3+ 14. Kh1 0-0 15. dxe5 dxe5 16. Bxe5 a6 17. Nd2 Be6 18. Nc4 Rad8 19. Qc1 Rd5 20. Bf1 Qf5 21. Bg2 Qd3 22. Nxb6 cxb6 23. Qf4 Qd2 24. Bf1 Qxf4 25. Bxf4 1/2-1/2

[Event "DEN-ch Seniors 65+"]
[Site "Logumkloster"]
[Date "2017.02.13"]
[Round "2"]
[White "Jensen, Hans Askov"]
[Black "Larsen, Arne Walther"]
[Result "0-1"]
[WhiteElo "1540"]
[BlackElo "1759"]
[PlyCount "42"]
[EventDate "2017.02.12"]
[EventType "swiss"]
[EventRounds "7"]
[EventCountry "DEN"]
[SourceTitle "EXT 2018"]
[Source "ChessBase"]
[SourceDate "2017.10.13"]
[SourceVersion "1"]
[SourceVersionDate "2017.10.13"]
[SourceQuality "1"]

1. e4 g6 2. d4 Bg7 3. Nf3 c5 4. c3 b6 5. Bc4 e6 6. 0-0 Ne7 7. Bf4 d5 8. exd5 Nxd5 9. Bxd5 Qxd5 10. Be5 Bxe5 11. Nxe5 0-0 12. Qf3 Bb7 13. Qxd5 Bxd5 14. dxc5 bxc5 15. c4 Bb7 16. Nc3 Na6 17. Rad1 Rfd8 18. Nb5 Be4 19. Nd6 Bc2 20. Rd2 Ba4 21. Ndxf7 Rxd2 0-1

[Event "Hillerod Spar Nord op"]
[Site "Hillerod"]
[Date "2016.10.25"]
[Round "7"]
[White "Eldor, Finn"]
[Black "Jensen, Hans Askov"]
[Result "0-1"]
[WhiteElo "1328"]
[BlackElo "1466"]
[PlyCount "56"]
[EventDate "2016.09.13"]
[EventType "swiss"]
[EventRounds "7"]
[EventCountry "DEN"]
[SourceTitle "EXT 2024"]
[Source "ChessBase"]
[SourceDate "2023.10.10"]
[SourceVersion "1"]
[SourceVersionDate "2023.10.10"]
[SourceQuality "1"]

1. d4 Nf6 2. Nc3 g6 3. e4 d6 4. Nf3 Bg7 5. Bf4 0-0 6. Bd3 Nbd7 7. 0-0 c5 8. d5 a6 9. Ne2 Ng4 10. c3 b5 11. b3 b4 12. Rc1 bxc3 13. Nxc3 Nde5 14. Bc4 f5 15. Bd2 fxe4 16. Nxe4 Nxf3+ 17. gxf3 Ne5 18. f4 Nf7 19. Ng5 Nxg5 20. fxg5 Qd7 21. Kh1 Qh3 22. f4 Bf5 23. Be2 Bd4 24. Bf3 Rae8 25. Bc3 Be3 26. Bd2 Bxd2 27. Qxd2 Bg4 28. Rc3 Qxf1# 0-1

[Event "Hillerod Spar Nord op"]
[Site "Hillerod"]
[Date "2016.10.01"]
[Round "3"]
[White "Malchau, Helge"]
[Black "Jensen, Hans Askov"]
[Result "1-0"]
[WhiteElo "1745"]
[BlackElo "1466"]
[PlyCount "83"]
[EventDate "2016.09.13"]
[EventType "swiss"]
[EventRounds "7"]
[EventCountry "DEN"]
[SourceTitle "EXT 2024"]
[Source "ChessBase"]
[SourceDate "2023.10.10"]
[SourceVersion "1"]
[SourceVersionDate "2023.10.10"]
[SourceQuality "1"]

1. d4 Nf6 2. c4 e6 3. Nf3 Be7 4. Nc3 b6 5. e4 Bb7 6. e5 Ne4 7. Nxe4 Bxe4 8. Bd3 Bb7 9. 0-0 c5 10. Qe2 cxd4 11. Nxd4 d6 12. exd6 Bxd6 13. Nb5 Bc5 14. Bf4 Na6 15. a3 0-0 16. Rad1 Qe7 17. b4 Qf6 18. Be4 Bxe4 19. Qxe4 Be7 20. Bg3 Rfd8 21. Qb7 Nxb4 22. axb4 Bxb4 23. Rxd8+ Qxd8 24. Nxa7 Bc5 25. Bc7 Qe8 26. Rd1 h6 27. Qxa8 Qxa8 28. Rd8+ Qxd8 29. Bxd8 e5 30. Nc8 Kf8 31. Bxb6 Bxb6 32. Nxb6 Ke8 33. Kf1 Kd8 34. Ke2 Kc7 35. Nd5+ Kd6 36. Kd3 f5 37. f3 h5 38. h4 Kc5 39. Ne7 e4+ 40. fxe4 fxe4+ 41. Kxe4 Kxc4 42. Nf5 1-0

[Event "Helsingor Xtracon op"]
[Site "Helsingor"]
[Date "2016.07.31"]
[Round "10"]
[White "Jensen, Hans Askov"]
[Black "Joensen, Sigurd"]
[Result "0-1"]
[WhiteElo "1469"]
[BlackElo "1615"]
[PlyCount "52"]
[EventDate "2016.07.23"]
[EventType "swiss"]
[EventRounds "10"]
[EventCountry "DEN"]
[SourceTitle "CBM 173 Extra"]
[Source "ChessBase"]
[SourceDate "2016.08.29"]
[SourceVersion "1"]
[SourceVersionDate "2016.08.29"]
[SourceQuality "1"]

1. e4 e5 2. Nf3 Nc6 3. Bb5 d6 4. 0-0 Bd7 5. c3 Nf6 6. Re1 a6 7. Bc4 Bg4 8. h3 Bh5 9. d4 Bxf3 10. Qxf3 exd4 11. Bg5 Ne5 12. Qe2 dxc3 13. Nxc3 Nxc4 14. Qxc4 c6 15. e5 dxe5 16. Rxe5+ Be7 17. Rae1 0-0 18. Rxe7 Qd6 19. Rxb7 h6 20. Bxf6 Qxf6 21. Ree7 Rad8 22. Ne4 Rd1+ 23. Kh2 Qf4+ 24. g3 Qf3 25. Nf6+ Kh8 26. Qe4 Rh1# 0-1

[Event "Helsingor Xtracon op"]
[Site "Helsingor"]
[Date "2016.07.26"]
[Round "5"]
[White "Christiansen, Torsten Sundgaar"]
[Black "Jensen, Hans Askov"]
[Result "1-0"]
[WhiteElo "1708"]
[BlackElo "1469"]
[PlyCount "65"]
[EventDate "2016.07.23"]
[EventType "swiss"]
[EventRounds "10"]
[EventCountry "DEN"]
[SourceTitle "CBM 173 Extra"]
[Source "ChessBase"]
[SourceDate "2016.08.29"]
[SourceVersion "1"]
[SourceVersionDate "2016.08.29"]
[SourceQuality "1"]

1. Nf3 d5 2. b3 c5 3. Bb2 e6 4. e3 Nf6 5. Be2 Be7 6. 0-0 0-0 7. d3 b6 8. Nbd2 Bb7 9. Ne5 Nc6 10. f4 d4 11. Nxc6 Bxc6 12. e4 Nd7 13. Nf3 Qc7 14. Bc1 f5 15. e5 Rf7 16. Qe1 Nf8 17. Qg3 Qd8 18. h4 Bxf3 19. Bxf3 Bxh4 20. Qh3 Rb8 21. g3 Be7 22. Bd2 g5 23. Bh5 Rg7 24. g4 gxf4 25. Bxf4 fxg4 26. Bxg4 Bg5 27. Kh2 Bxf4+ 28. Rxf4 Qg5 29. Raf1 Rg6 30. Bh5 Rg7 31. Rxf8+ Rxf8 32. Qxe6+ Rgf7 33. Rg1 1-0

[Event "Politiken Cup 37th"]
[Site "Helsingor"]
[Date "2015.07.26"]
[Round "2"]
[White "Jensen, Hans Askov"]
[Black "Gottschalck, Christian"]
[Result "1-0"]
[WhiteElo "1473"]
[BlackElo "1830"]
[PlyCount "115"]
[EventDate "2015.07.25"]
[EventType "swiss"]
[EventRounds "10"]
[EventCountry "DEN"]
[SourceTitle "CBM 167 Extra"]
[Source "ChessBase"]
[SourceDate "2015.09.14"]
[SourceVersion "1"]
[SourceVersionDate "2015.09.14"]
[SourceQuality "1"]

1. e4 d5 2. exd5 Nf6 3. Bb5+ Bd7 4. Bxd7+ Nbxd7 5. Nc3 Nb6 6. Qf3 Nbxd5 7. Nge2 c6 8. a3 e6 9. 0-0 Bd6 10. Re1 0-0 11. d3 Qc7 12. h3 Nd7 13. d4 N7f6 14. Nxd5 exd5 15. Bf4 Rfe8 16. Bxd6 Qxd6 17. Qg3 Qd7 18. Qd3 Re7 19. Ng3 Rae8 20. Rxe7 Rxe7 21. c3 Qe8 22. Kf1 Re6 23. Qd2 g6 24. Re1 Rxe1+ 25. Qxe1 Qxe1+ 26. Kxe1 h5 27. h4 Ng4 28. Ke2 f5 29. f3 Nf6 30. Ke3 Kf7 31. Kf4 Nd7 32. Kg5 Nf8 33. Kh6 Kf6 34. Ne2 Ne6 35. g3 a5 36. b3 b5 37. Nc1 f4 38. g4 hxg4 39. fxg4 f3 40. Nd3 Nf4 41. Nf2 Ne2 42. h5 g5 43. Kh7 Kf7 44. Kh6 Nxc3 45. Kxg5 Ne4+ 46. Kf4 Nxf2 47. Kxf3 Ne4 48. Kf4 Kf6 49. h6 Ng5 50. b4 a4 51. Kg3 Ne4+ 52. Kf4 Nc3 53. g5+ Kg6 54. Ke5 Nb1 55. Ke6 Nc3 56. h7 Ne4 57. h8Q Nxg5+ 58. Ke7 1-0

[Event "Politiken Cup 34th"]
[Site "Helsingor"]
[Date "2012.08.05"]
[Round "10"]
[White "Jensen, Hans Askov"]
[Black "Valembois, Pierre"]
[Result "1-0"]
[WhiteElo "1592"]
[BlackElo "1292"]
[PlyCount "53"]
[EventDate "2012.07.28"]
[EventType "swiss"]
[EventRounds "10"]
[EventCountry "DEN"]
[SourceTitle "CBM 149 Extra"]
[Source "ChessBase"]
[SourceDate "2012.08.24"]
[SourceVersion "1"]
[SourceVersionDate "2012.08.24"]
[SourceQuality "1"]

1. e4 g5 2. d4 h6 3. Nc3 d6 4. Be3 Bg7 5. Bc4 c5 6. dxc5 Bxc3+ 7. bxc3 Nf6 8. f3 Qc7 9. Bd4 Nbd7 10. Bb5 0-0 11. cxd6 exd6 12. Ne2 a6 13. Ba4 Nb6 14. Bb3 Nh5 15. Qd3 Be6 16. 0-0 Rae8 17. f4 f6 18. f5 Bxb3 19. cxb3 Nd7 20. Rf3 d5 21. exd5 Re5 22. Rh3 Nc5 23. Qf3 Rxe2 24. Qxh5 Qe7 25. Qg6+ Kh8 26. Rxh6+ Qh7 27. Qxh7# 1-0

[Event "Politiken Cup 31st"]
[Site "Helsingor"]
[Date "2009.07.26"]
[Round "10"]
[White "Nielsen, Palle"]
[Black "Jensen, Hans Askov"]
[Result "1-0"]
[WhiteElo "1877"]
[BlackElo "1620"]
[PlyCount "53"]
[EventDate "2009.07.18"]
[EventType "swiss"]
[EventRounds "10"]
[EventCountry "DEN"]
[SourceTitle "CBM 131 Extra"]
[Source "ChessBase"]
[SourceDate "2009.09.03"]
[SourceVersion "2"]
[SourceVersionDate "2009.09.16"]
[SourceQuality "1"]

1. c4 e5 2. Nc3 Nc6 3. e3 Nf6 4. d4 exd4 5. exd4 Be7 6. Nf3 0-0 7. d5 Nb4 8. a3 Na6 9. b4 b6 10. Bd3 Re8 11. 0-0 c5 12. b5 Nb8 13. Qc2 d6 14. Bb2 h6 15. h3 Nbd7 16. Ne2 Bf8 17. Ng3 Ne5 18. Nxe5 dxe5 19. Rfe1 Bd6 20. Re2 Qc7 21. Rae1 a6 22. a4 a5 23. f4 e4 24. Bxf6 Bxf4 25. Nxe4 Bf5 26. Bh4 g5 27. Nf6+ 1-0

[Event "Politiken Cup 31st"]
[Site "Helsingor"]
[Date "2009.07.19"]
[Round "3"]
[White "Jensen, Hans Askov"]
[Black "Madland, Kristoffer"]
[Result "0-1"]
[WhiteElo "1620"]
[BlackElo "2017"]
[PlyCount "96"]
[EventDate "2009.07.18"]
[EventType "swiss"]
[EventRounds "10"]
[EventCountry "DEN"]
[SourceTitle "CBM 131 Extra"]
[Source "ChessBase"]
[SourceDate "2009.09.03"]
[SourceVersion "2"]
[SourceVersionDate "2009.09.16"]
[SourceQuality "1"]

1. e4 c5 2. Nc3 Nc6 3. Bb5 Nd4 4. Bc4 e6 5. f4 Ne7 6. Nf3 Nec6 7. 0-0 g6 8. Nxd4 Nxd4 9. Ne2 Bg7 10. Nxd4 Bxd4+ 11. Kh1 0-0 12. e5 d5 13. Be2 c4 14. c3 Bc5 15. d4 cxd3 16. Bxd3 b6 17. Qe1 Bb7 18. Qg3 d4 19. c4 Qc7 20. Bd2 a5 21. h4 Rfe8 22. h5 Kh8 23. h6 Bf8 24. Qg5 Qe7 25. Rae1 Rac8 26. b3 Red8 27. Be4 Bxe4 28. Rxe4 a4 29. Qxe7 Bxe7 30. Rf3 Bf8 31. Rh3 axb3 32. axb3 Rd7 33. g4 b5 34. cxb5 Rb8 35. g5 Rxb5 36. Rd3 Bc5 37. b4 Ba7 38. Bc3 Rbd5 39. Bd2 Kg8 40. Kg1 Kf8 41. Re1 Rc7 42. Rc1 Rc3 43. Ra1 Rxd3 44. Rxa7 Rxd2 45. Ra8+ Ke7 46. Rh8 Rb5 47. Kf1 Rxb4 48. Ke1 Rh2 0-1

[Event "Politiken Cup 30th"]
[Site "Helsingor"]
[Date "2008.07.20"]
[Round "2"]
[White "Ukkelberg, Oyvind"]
[Black "Jensen, Hans Askov"]
[Result "1/2-1/2"]
[WhiteElo "1986"]
[BlackElo "1630"]
[PlyCount "37"]
[EventDate "2008.07.19"]
[EventType "swiss"]
[EventRounds "10"]
[EventCountry "DEN"]
[SourceTitle "CBM 125 Extra"]
[Source "ChessBase"]
[SourceDate "2008.09.01"]
[SourceVersion "1"]
[SourceVersionDate "2008.09.01"]
[SourceQuality "1"]

1. e4 e5 2. f4 d5 3. exd5 e4 4. d3 exd3 5. Qxd3 Nf6 6. c4 Bb4+ 7. Bd2 Qe7+ 8. Qe2 Ne4 9. a3 Bc5 10. Nc3 Nf2 11. b4 Nd3+ 12. Kd1 Nf2+ 13. Ke1 Nd3+ 14. Kd1 Nf2+ 15. Ke1 Bd4 16. Qxe7+ Kxe7 17. Nf3 Bxc3 18. Bxc3 Nxh1 19. Bxg7 1/2-1/2